00517 a2200193 4500001000700000003000400007005001700011008004100028020001500069040001000084082001600094100002000110245010000130250001200230260002900242300001000271700002200281700002000303001068OSt20211007122450.0  a0321795431 cCURAJ a519.5bH67I1 aHogg, Robert V.1 aIntroduction to mathematical statisticscby Robert V. Hogg, Joseph W. Mckean and Allen T. Craig a6th ed. aNew DelhibPearsonc2008 a718p. aMckean, Joseph W. aCraig, Allen T.